000 00444nam a2200181Ia 4500
001 18256
005 20260306171617.0
008 260306s9999||||xx |||||||||||||| ||und||
041 _aESP
082 _a658.402
_bC96
100 _aCummings, Thomas G.
_eAUT
245 0 _aDesarrollo organizacional y cambio
260 _c2007
300 _axxi, 696 páginas :
_cil., gráfs.
650 _aGEN
654 _aCAN
942 _cLIB
_dJUS
_fJUS
_2ddc
_n
999 _c18256
_d18256